Geography Quiz

Random Geography or City Quiz

Largest Spanish Speaking Cities Quiz Stats

Quiz Updated Jun 9, 2013

Challenge
Share
Tweet
Embed
Score 0/30 Timer 06:00
0 Plays Today
Population City % Correct
19,319,000Mexico City
98.9%
5,762,000Madrid
96.8%
5,029,000Barcelona
93.5%
12,988,000Buenos Aires
91.1%
8,769,000Lima
89%
5,883,000Santiago
84.1%
8,262,000Bogotá
83.5%
2,140,000Havana
79.9%
3,051,000Caracas
78%
1,801,000Quito
72%
1,642,000La Paz
68.4%
1,633,000Montevideo
65%
1,534,000San Salvador
62.3%
1,416,000San José
56.2%
1,977,000Asunción
54.7%
Population City % Correct
2,138,000Santo Domingo
54.4%
4,338,000Guadalajara
53.9%
1,629,000Tijuana
45.3%
3,497,000Medellín
39.9%
3,838,000Monterrey
38.7%
1,480,000Ciudad Juárez
31.6%
1,738,000Valencia
29.2%
2,352,000Cali
26.8%
2,634,000Guayaquil
26.5%
1,493,000Córdoba
24.9%
2,153,000Maracaibo
17.8%
1,584,000Santa Cruz
16.7%
2,278,000Puebla
15.8%
1,836,000Barranquilla
13.1%
1,770,000Toluca
5.7%

You're not logged in!

Compare scores with friends on all Sporcle quizzes.
Sign Up with Email
OR
Log In

You Might Also Like...

Show Comments

Extras

Top Quizzes Today


Score Distribution

Your Account Isn't Verified!

In order to create a playlist on Sporcle, you need to verify the email address you used during registration. Go to your Sporcle Settings to finish the process.